MARC

LEADER 00000nam0a2200000 4500
001 365271
005 20231102011753.0
035 |a (RuTPU)RU\TPU\retro\22634 
090 |a 365271 
100 |a 20211221d1981 km y0rusy50 ca 
101 0 |a rus 
102 |a RU 
105 |a a z 001zy 
200 1 |a Реальные кристаллы в скелетах кокколитофорид  |f С. Н. Голубев  |g Академия наук СССР ; Московское общество испытателей природы 
210 |a Москва  |c Наука  |d 1981 
215 |a 163 с.  |c ил. 
320 |a Библиогр.: с.154-161 
606 1 |a Кристаллы реальные  |x Структура  |2 stltpush  |3 (RuTPU)RU\TPU\subj\16486  |9 42469 
606 1 |a Палеонтология  |2 stltpush  |3 (RuTPU)RU\TPU\subj\47998  |9 66880 
610 1 |a скелеты 
610 1 |a кокколитофориды 
610 1 |a исследования 
610 1 |a методика 
610 1 |a структура 
610 1 |a биоминерализация 
610 1 |a фототаблицы 
675 |a 548.57  |v 4 
675 |a 56  |v 4 
700 1 |a Голубев  |b С. Н.  |g Сергей Николаевич 
712 0 2 |a Академия наук СССР  |c (Ленинград/Москва)  |c (1925-1991)  |2 stltpush  |3 (RuTPU)RU\TPU\col\722  |9 23473 
712 0 2 |a Московское общество испытателей природы  |c (1917- )  |2 stltpush  |3 (RuTPU)RU\TPU\col\7762  |9 24379 
801 1 |a RU  |b 63413507  |c 20211221 
942 |c BK